000
00338nam a2200157Ia 4500
100
_a
Carr/Joseph J
250
_a
3
942
_c
BK
366
_f
23
245
_a
Secrets pf RF circuit design
260
_b
Tata Mc Graw hill Ltd.
_c
2001
082
_a
621.381 32
_b
CAR
300
_a
533
546
_a
ENGLISH
_c
PAMPHALETS
999
_c
34896
_d
34896